000 00361 a2200157 4500
001 62489
020 _a9788576764571
040 _cAnchieta - Pituba
100 _aClark, Margaretch
240 1 0 _aDiário secreto de Sara Swan
_lpor
245 1 0 _aDiário secreto de Sara Swan
300 _a158
362 0 _a2010
650 4 _aLiteratura juvenil
942 _cBK
999 _c62489
_d62489